Library Banner

A history of Muslim philosophy/ (Record no. 97248)

MARC details
000 -LEADER
fixed length control field 00377nam a22001457a 4500
005 - DATE AND TIME OF LATEST TRANSACTION
control field 20180228111505.0
008 - FIXED-LENGTH DATA ELEMENTS--GENERAL INFORMATION
fixed length control field 170817b xxu||||| |||| 00| 0 eng d
040 ## - CATALOGING SOURCE
Transcribing agency PK-LaUMT
082 ## - DEWEY DECIMAL CLASSIFICATION NUMBER
Classification number ZIAC 297.01
Item number HIS-
100 ## - MAIN ENTRY--PERSONAL NAME
Personal name M.M.Sharif
245 ## - TITLE STATEMENT
Title A history of Muslim philosophy/
Statement of responsibility, etc M.M.Sharif
260 ## - PUBLICATION, DISTRIBUTION, ETC. (IMPRINT)
Place of publication, distribution, etc Karachi:
Name of publisher, distributor, etc Royal Book Company,
Date of publication, distribution, etc 1963
300 ## - PHYSICAL DESCRIPTION
Extent 787 p.
942 ## - ADDED ENTRY ELEMENTS (KOHA)
Koha item type Books
Holdings
Withdrawn status Lost status Damaged status Home library Current library Date acquired Full call number Barcode Date last seen Copy number Price effective from Koha item type
      UMT Main Campus UMT Main Campus 2017-08-17 ZIAC 297.01 HIS- 112970 2017-08-17 V-1 2017-08-17 Books
      UMT Main Campus UMT Main Campus 2017-08-17 ZIAC 297.01 HIS- 112969 2017-08-17 V-2 2017-08-17 Books